Railway Crossings in Victoria with 3 or more tracks (2006 - Present) - Statistics

General Stats
  • This quiz has been taken 28 times
  • The average score is 23 of 58
Answer Stats
Hint Answer % Correct
47.244 Wallan - Whittlesea Rd, Wallan
71%
47.375 You Yangs Rd, Little River
71%
11.748 Champion Rd, Newport
64%
31.456 Cherry St, Werribee
64%
33.125 Donnybrook Rd, Donnybrook
64%
12.312 Maddox Rd, Newport
64%
67.235 Station St, North Shore
64%
35.325 Galvin Rd, Werribee
57%
14.377 Mont Albert Rd, Mont Albert
57%
14.994 North Rd, Ormond
57%
13.734 Union Rd, Surrey Hills
57%
59.275 Canterbury Rd, Lara
50%
85.433 Dockerys Rd, Tallarook
50%
4.357 Dock Link Rd, Dynon
50%
17.729 Maidstone St, Altona
50%
27.784 Old Geelong Rd, Hoppers Crossing
50%
51.735 Peak School Rd, Little River
50%
63.513 School Rd, Corio
50%
87.397 Sharps and Taylors Rd, Tallarook
50%
31.729 Webster St, Dandenong
50%
39.469 Wests Rd, Manor
50%
41.413 Beveridge Rd, Beveridge
43%
49.620 Cherry Swamp Rd, Little River
43%
71.178 Dunn St, North Geelong
43%
50.653 Epping - Kilmore Rd, Heathcote Junction
43%
13.371 Glen Huntly Rd, Glen Huntly
43%
301.424 High St, Wodonga
43%
58.023 Main St, Pakenham
43%
65.528 St Georges Rd, Corio
43%
246.252 Thompson Rd, Dunolly
43%
32.382 Werribee St, Werribee
43%
7.940 Buckley St, Essendon
36%
16.599 Centre Rd, Bentleigh
36%
70.960 Dry Creek Rd, Broadford
36%
15.837 Kororoit Creek Rd, Altona
36%
57.697 McClelland Avenue, Lara
36%
15.796 McKinnon Rd, McKinnon
36%
13.079 Neerim Rd, Glen Huntly
36%
195.029 Nunn St, Benalla
36%
53.842 Plains Rd, Lara
36%
29.718 Summerhill Rd, Craigieburn
36%
22.064 Aviation Rd, Laverton
29%
27.802 Bear St, Mordialloc
29%
53.618 Escrites Rd, Heathcote Junction
29%
113.120 Humffray St, Ballarat East
29%
113.923 Lydiard St, Ballarat
29%
27.583 McDonald St, Mordialloc
29%
55.910 McIntyre Rd, Lara
29%
94.433 Schoolhouse Lane, Hilldene
29%
72.154 Thompson St, North Geelong
29%
13.258 Anderson Rd, Sunshine
21%
3.135 Enterprize Rd, West Melbourne
21%
53.435 Kerrs Rd, Maddingley
14%
8.520 Tottenham Yard Rd, Tottenham
14%
183.003 Andrew Fairley Avenue, Shepparton
7%
223.742 Inkerman St, Maryborough
7%
250.334 Pakenham St, Echuca
7%
21.697 Somerton Rd, Roxburgh Park
7%
No matching quizzes found
Score Distribution
Percent of People with Each Score
Percentile by Number Answered
Your Score History
You have not taken this quiz